FORTRAN 77:a structured disciplined style / (Record no. 4104)

000 -LEADER
fixed length control field 00499nam a22001697a 4500
008 - FIXED-LENGTH DATA ELEMENTS--GENERAL INFORMATION
fixed length control field 200717b ||||| |||| 00| 0 eng d
020 ## - INTERNATIONAL STANDARD BOOK NUMBER
International Standard Book Number 0071001948
082 00 - DEWEY DECIMAL CLASSIFICATION NUMBER
Classification number 005.133
Item number D2611
100 ## - MAIN ENTRY--PERSONAL NAME
9 (RLIN) 3096
Personal name Davis, G. B.
245 10 - TITLE STATEMENT
Title FORTRAN 77:a structured disciplined style /
250 ## - EDITION STATEMENT
Edition statement 1st ed.
260 ## - PUBLICATION, DISTRIBUTION, ETC. (IMPRINT)
Place of publication, distribution, etc New Delhi :
Name of publisher, distributor, etc McGraw-Hill,
Date of publication, distribution, etc 1988.
300 ## - PHYSICAL DESCRIPTION
Extent ix, 434 p.
650 #0 - SUBJECT ADDED ENTRY--TOPICAL TERM
Topical term or geographic name as entry element FORTRAN 77
General subdivision Computer programming
700 ## - ADDED ENTRY--PERSONAL NAME
9 (RLIN) 3381
Personal name Hoffmann,T. R.
942 ## - ADDED ENTRY ELEMENTS (KOHA)
Item type Books
Holdings
Withdrawn status Lost status Source of classification or shelving scheme Damaged status Not for loan Permanent location Current location Date acquired Full call number Barcode Date last seen Koha item type
          IMU Kolkata IMU Kolkata 2020-07-17 005.133 D2611 07536 2020-07-17 Books
Designed and Maintained by IMU-KC Library, Kolkata Campus © Copyright All Rights Reserved

webs counters

Powered by Koha